Expository outlines on the whole Bible; vol. 15. (Record no. 15543)

000 -LEADER
fixed length control field 00602nam a2200193 a 4500
001 - CONTROL NUMBER
control field :::00014385$&:&@@
003 - CONTROL NUMBER IDENTIFIER
control field OkBaRHE
005 - DATE AND TIME OF LATEST TRANSACTION
control field 20000830104129.0
008 - FIXED-LENGTH DATA ELEMENTS--GENERAL INFORMATION
fixed length control field s1956 j 000 0 eng u
040 ## - CATALOGING SOURCE
Transcribing agency
100 1# - MAIN ENTRY--PERSONAL NAME
Personal name Simeon, Charles.
245 10 - TITLE STATEMENT
Title Expository outlines on the whole Bible; vol. 15.
260 ## - PUBLICATION, DISTRIBUTION, ETC. (IMPRINT)
Place of publication, distribution, etc Grand Rapids, MI., :
Name of publisher, distributor, etc Zondervan Publishing House
Date of publication, distribution, etc 1956
300 ## - PHYSICAL DESCRIPTION
Extent 21 cm.
650 ## - SUBJECT ADDED ENTRY--TOPICAL TERM
Topical term or geographic name as entry element Bible
General subdivision Sermons
-- Outlines
650 ## - SUBJECT ADDED ENTRY--TOPICAL TERM
Topical term or geographic name as entry element Sermons
General subdivision Outlines
942 ## - ADDED ENTRY ELEMENTS (KOHA)
Source of classification or shelving scheme
Koha item type Books
Copies
Date acquired Withdrawn status Price effective from Source of classification or shelving scheme Copy number Permanent Location Damaged status Koha item type Date last seen Barcode Shelving location Full call number Lost status Not for loan
2010-04-14 2010-04-14 1RHEMA Bible Training College Books2010-04-1414385General StacksBS 511 .S533